| 000 | 00532nam a22001697a 4500 | ||
|---|---|---|---|
| 005 | 20241121075534.0 | ||
| 008 | 241121b |||||||| |||| 00| 0 eng d | ||
| 041 | _aEnglish | ||
| 082 | _a346.6 TOP | ||
| 100 | _lEnglish | ||
| 245 |
_aTopham's South African Company Law / _cG Wegger, O Galgut and AAF Keeton |
||
| 250 | _aThird Edition | ||
| 260 |
_aDurban: _bButterworth and Company (Africa) Ltd, _c1953 |
||
| 300 |
_bxxviii, 445 pages; _c13 cm. |
||
| 650 |
_aLegal practice _bLaw |
||
| 942 |
_cBK _6ALISON_BN_VRIES |
||
| 999 |
_c3251 _d3251 |
||